| 000 | 00938nam a22002177a 4500 | ||
|---|---|---|---|
| 999 |
_c15541 _d15541 |
||
| 003 | AR-CdUCM | ||
| 008 | 190429b ||||| |||| 00| 0 spa d | ||
| 040 |
_aMUNICIPALIDAD PROVINCIAL DEL CUSCO _cBIBLIOTECA MUNICIPAL DEL CUSCO |
||
| 082 |
_a913.85612 / _bV21 |
||
| 100 |
_aValencia Zegarra, Alfredo _918086 |
||
| 245 | _aColección arqueológica Cusco de Max Uhle / | ||
| 260 |
_aCusco : _bInstituto Nacional de Cultura-Cusco, Centro de Investigación y Restauración de Bienes Monumentales, _c1979. |
||
| 300 |
_a20 hojas ; _bláminas, ilustraciones, _c26.5 cm. |
||
| 505 | _aContenido: La colección arqueológica del Cusco -- La colección arqueológica Cusco de Max Uhle -- Excavaciones al este de la Recoleta Cusco -- Saqsaywaman ... | ||
| 650 |
_aArqueología _9371 |
||
| 650 |
_aPerú _935 |
||
| 650 |
_aCusco _9772 |
||
| 710 |
_aInstituto Nacional de Cultura (Perú) _92016 |
||
| 942 |
_2ddc _cLIBROS |
||
| 945 |
_aachl _d2019-04-29 |
||